000 00734nam a2200229 a 4500
001 66582
003 BD-RjUL
005 20211209081546.0
008 720310s1964 xx b 001 0 eng
035 _a(BD-RjUL)66712
040 _aDLC
_cODaWU
_dOCoLC
_dDLC
_dBD-RjUL
_beng
041 _aeng
082 _223
_a363.9607292
_bSTC 1964
100 1 _aStycos, J. Mayone.
_9105384
245 1 5 _aThe control of human fertility in Jamaica /
_cJ. Mayone Stycos and Kurt W Back
260 _aNew York :
_bCornell University Press,
_c1964
300 _a377 p. :
_bill. ;
_c22 cm.
504 _aIncludes Bibliography and index
650 0 _aBirth control
_zJamaica.
_9197086
700 1 _aBack, Kurt W.,
_ejoint author.
_9101008
942 _2ddc
_cBK
999 _c66582
_d66582